| 000 | 01887nam a22002537a 4500 | ||
|---|---|---|---|
| 001 | 29385 | ||
| 003 | UA-OsUOA | ||
| 005 | 20260512112305.0 | ||
| 007 | ta | ||
| 008 | 20041008b un ||un |||| 00| 0 ukr0dukr d | ||
| 020 | _a5770788364 | ||
| 040 |
_aUA-OsUOA _bukr _cUA-OsUOA _dUA-OsUOA |
||
| 041 | _aukr | ||
| 080 | _a82(091)(477) | ||
| 090 |
_a82(091)(477) _bЄ92 |
||
| 100 |
_aЄфремов С. О. _925217 |
||
| 245 | _aІсторія українського письменства | ||
| 260 |
_aК. _bФеміна _c1995 |
||
| 300 | _a688 с. | ||
| 520 | _aСергій Єфремов — одна з найколоритніших постатей в українському літературознавстві. Автор понад 3000 публікацій, найбільш відомий своєю «Історією українського письменства», яка в Україні, нажаль, видана не була. А це єдина авторська робота, яка охоплює український літературний процес від давнини до 20-х років нинішнього століття. Науковий метод у ній позначений виразною індивідуальністю і точністю фахових характеристик. Застосувавши соціологічний принцип у прочитанні літературних явищ, С. Єфремов створив наукову номенклатуру українського письменства, якою з певними заувагами й донині послуговуються представники всіх літературознавчих шкіл. | ||
| 650 | 7 |
_a82 Література. Літературознавство _2UDC _915 |
|
| 942 |
_cBK _2udc |
||
| 955 | _a2 | ||
| 999 |
_c315772 _d315772 |
||